Misión del servicio de hidrografía naval. /
Guardado en:
| Autor Corporativo: | |
|---|---|
| Formato: | Libro |
| Idioma: | Spanish |
| Publicado: |
Buenos Aires,
1963.
|
| Series: | H., 104
|
| Etiquetas: |
Agregar Etiqueta
Sin Etiquetas, Sea el primero en etiquetar este registro!
|
| LEADER | 00491nam a22001575a 4500 | ||
|---|---|---|---|
| 001 | EUN.um021033 | ||
| 003 | AR-BaUNS | ||
| 005 | 20050623122900.0 | ||
| 008 | 041125s1963####ag############000#0#spa#d | ||
| 245 | 1 | 0 | |a Misión del servicio de hidrografía naval. / |c Servicio de hidrografía naval. |
| 260 | |a Buenos Aires, |c 1963. | ||
| 300 | |a 80 p. | ||
| 490 | 0 | |a H., 104 | |
| 082 | 0 | 4 | |a 551.46 |
| 110 | 2 | |a Servicio de hidrografía naval |c Argentina. | |
| 859 | |a Ar-BaUNS |b BIB. CENTRAL - Sector C |h 551.46 |i Ar37-4 |p 72985/975 | ||
